| 000 | 00853cam a22002654a 4500 | ||
|---|---|---|---|
| 001 | 12727166 | ||
| 005 | 20180117034440.0 | ||
| 007 | cr ||||||||||| | ||
| 008 | 990826s1999 nju s 000 0 eng | ||
| 010 | _a 2002563906 | ||
| 035 | _a(OCoLC)ocm42251396 | ||
| 040 |
_aFHM _cFHM _dOCLCQ _dN@F _dINU _dDLC |
||
| 041 | _aeng | ||
| 042 | _apcc | ||
| 080 | _aR 61 BEE | ||
| 082 | _aR 61 BEE | ||
| 100 | _a39 | ||
| 101 | _aSHM | ||
| 245 | 0 | 4 |
_aThe Merck manual of diagnosis and therapy _ceditors, Mark H. Beers and Robert Berkow ; senior assistant editors, Robert M. Bogin and Andrew J. Fletcher. |
| 246 | 1 |
_iHTML title: _aMerck manual |
|
| 530 | _aAlso available in print. | ||
| 906 |
_a7 _bcbc _corigres _d2 _encip _f20 _gy-gencompf |
||
| 942 |
_2ddc _cBK |
||
| 999 |
_c40397 _d40397 |
||